00488nam a2200145Ia 4500008004100000040001800041041000800059100004400067245013000111260003800241300001800279650001200297650001600309650001700325130821s1914 ck gr spa  aCo-BoUCMbspa aspa1 aCarrasquilla, Rafael Maríad1857-193010aLecciones de metafísica y ética dictadas en el Colegio Mayor de Nuestra Señora del RosariocRafael Maria Carrasquilla. aBogotá (Colombia)bLa Luzc1914 a324 páginas04aÉtica04aFilosofía04aMetafísica